Top 25 besten Fußballspieler des 21. Jahrhunderts! - Statistiken

Allgemein
  • Dieses Quiz wurde 455 mal gespielt
  • Das Durchschnittsergebnis liegt bei 18 aus 25
Antwortstatistiken
Staatsangehörigkeit Fußballspieler % Korrekt
Argentinien Lionel Messi
100%
Portugal Cristiano Ronaldo
99%
Brasilien Ronaldo
98%
Kroatien Luka Modrić
93%
Frankreich Kylian Mbappé
92%
Polen Robert Lewandowski
91%
Schweden Zlatan Ibrahimović
91%
Frankreich Zinedine Zidane
87%
Belgien Kevin De Bruyne
84%
Spanien Andres Iniesta
83%
Uruguay Luis Suárez
83%
Brasilien Neymar
82%
Spanien Xavi
82%
Deutschland Toni Kroos
74%
Brasilien Ronaldinho
73%
Frankreich Thierry Henry
73%
Spanien Sergio Ramos
63%
Italien Gianluigi Buffon
58%
Frankreich Karim Benzema
53%
Great Britain Wayne Rooney
44%
Spanien Carles Puyol
42%
Brasilien Kaka
42%
Spanien Sergio Busquets
42%
Italien Andrea Pirlo
41%
Frankreich Patrick Vieira
10%
Keine übereinstimmenden Quizze gefunden
Verteilung der Resultate
Anzahl Personen mit jedem Resultat
Perzentil nach korrekt beantworteten Fragen
Ihre Resultats-Entwicklung
Sie haben dieses Quiz noch nicht gespielt